| 000 | 00751nam a2200229 i 4500 | ||
|---|---|---|---|
| 001 | 115178 | ||
| 003 | ES-MaACL | ||
| 005 | 20250707062615.0 | ||
| 007 | t| | ||
| 008 | 070223s1910 sp ||||1| spa d | ||
| 080 | _a821.134.2-32"19" | ||
| 100 | 1 |
_aRamírez Angel, Emiliano. _995120 |
|
| 245 | 1 | 0 |
_aJuventud, ilusión y compañía / _cpor Emiliano Ramírez Angel ; ilustraciones de Manchón. |
| 260 |
_aMadrid : _bEl Cuento Semanal, _c1910. |
||
| 300 |
_a16 p. : _bil. ; _c26 cm. |
||
| 490 | 1 |
_aEl cuento semanal ; _v200 |
|
| 505 | 8 | _aContiene: El barón despierta ; Está ahí / Henri Lavedán | |
| 700 | 1 |
_aManchón, Ramón. _975926 |
|
| 830 | 0 | 3 |
_aEl cuento semanal _v200 _9185957 |
| 852 |
_aES-MaACL _jG-4446(17) |
||
| 999 |
_c115178 _d115178 |
||